000 00401nam a2200145Ia 4500
008 240729s9999 xx 000 0 und d
022 _a2352-0825
245 0 _aCurrent Medicine Research and Practice
260 _aIndia
260 _bWolters Kluwer Medknow Publications
650 _aMedicine
856 _uhttps://doaj.org/toc/2955c638a9bd41018d0148bf6ab46f30
942 _2ddc
942 _cDOAJEJ
999 _c66250
_d66250
945 _a1
_bMadushi Gamage
_c1
_dMadushi Gamage